Radicalisation of society in Kashmir valley : (Record no. 509631)

000 -LEADER
fixed length control field 00517nam a22001337a 4500
082 ## - DEWEY DECIMAL CLASSIFICATION NUMBER
Classification number APPPA 2018-19\KUK
100 ## - MAIN ENTRY--PERSONAL NAME
Personal name Kukreti, Amar Nath
9 (RLIN) 5713
245 ## - TITLE STATEMENT
Title Radicalisation of society in Kashmir valley :
Remainder of title A study
Statement of responsibility, etc Amar Nath Kukreti
260 ## - PUBLICATION, DISTRIBUTION, ETC. (IMPRINT)
Place of publication, distribution, etc New Delhi
Name of publisher, distributor, etc Indian Institute of Public Administration
Date of publication, distribution, etc 2019
300 ## - PHYSICAL DESCRIPTION
Extent 76p.
500 ## - GENERAL NOTE
General note APPPA Dissertation, 2018-19 (Guide : Prof C. Sheela Reddy)
650 ## - SUBJECT ADDED ENTRY--TOPICAL TERM
Topical term or geographic name as entry element Terrorism -- India -- Jammu and Kashmir.
9 (RLIN) 6352
650 ## - SUBJECT ADDED ENTRY--TOPICAL TERM
Topical term or geographic name as entry element Muslims -- India -- Jammu and Kashmir.
9 (RLIN) 6353
Holdings
Withdrawn status Lost status Source of classification or shelving scheme Damaged status Koha normalized classification for sorting Not for loan Permanent location Current location Date acquired Total Checkouts Full call number Barcode Date last seen Date last borrowed Price effective from Koha item type
        APPPA_201819KUK   Indian Institute of Public Administration Indian Institute of Public Administration 2019-05-16 1 APPPA 2018-19\KUK GR21106 2020-09-30 2019-07-11 2019-05-16 GR

Powered by Koha